Catalog

Record Details

Catalog Search



Texty ke studiu konfesního práva. II., Český stát  Cover Image Book Book

Texty ke studiu konfesního práva. II., Český stát / Ignác Antonín Hrdina

Record details

  • ISBN: 978-80-246-1372-7
  • Physical Description: 332 s. ; 21 cm
  • Edition: 1. vyd.
  • Publisher: Praha : Karolinum, 2007

Content descriptions

General Note:
Obsahuje rejstřík
500 výt.
Target Audience Note:
Pro posluchače Katolické teologické fakulty UK
Issuing Body Note:
Vydavatel: Univerzita Karlova v Praze
Subject: konfesní právo > Česko > 9.-19. století
confession (law) > Czechia > 9th-19th centuries
Genre: učební texty
prameny
educational texts
sources

Available copies

  • 1 of 1 copy available at Common Catalog SPOK.

Holds

  • 0 current holds with 1 total copy.
Show Only Available Copies
Location Call Number / Copy Notes Barcode Shelving Location Status Due Date
Jabok Library Soc-7 424480024110 Odborná literatura Available -

LDR 01748nam a2200517 a 4500
00113257
003CZ-PrJAB
00520180921085938.0
007ta
008070502s2007 xr e p 001 0 cze
015 . ‡acnb001718233
020 . ‡a978-80-246-1372-7 ‡q(brož.) : ‡cKč 280,00
035 . ‡a(CZ PrNK)nkc20071718233
035 . ‡a(OCoLC)190752243
040 . ‡aABA001 ‡bcze
043 . ‡ae-xr---
045 . ‡am-w-
072 7. ‡a34 ‡xPrávo ‡2Konspekt ‡916
072 7. ‡a37.016 ‡xUčební osnovy. Vyučovací předměty. Učebnice ‡2Konspekt ‡922
080 . ‡a348 ‡2MRF
080 . ‡a(437.3) ‡2MRF
080 . ‡a(07) ‡2MRF
080 . ‡a(093) ‡2MRF
1001 . ‡aHrdina, Ignác Antonín, ‡d1953- ‡7jn20000401072 ‡4aut
24510. ‡aTexty ke studiu konfesního práva. ‡nII., ‡pČeský stát / ‡cIgnác Antonín Hrdina
24630. ‡aČeský stát
24630. ‡aČeský stát - texty ke studiu konfesního práva
250 . ‡a1. vyd.
260 . ‡aPraha : ‡bKarolinum, ‡c2007
300 . ‡a332 s. ; ‡c21 cm
4901 . ‡aUčební texty Univerzity Karlovy v Praze
500 . ‡aObsahuje rejstřík
500 . ‡a500 výt.
5218 . ‡aPro posluchače Katolické teologické fakulty UK
550 . ‡aVydavatel: Univerzita Karlova v Praze
648 4. ‡a9.-19. století
65007. ‡akonfesní právo ‡7ph114966 ‡zČesko ‡y9.-19. století ‡2czenas
65009. ‡aconfession (law) ‡zCzechia ‡y9th-19th centuries ‡2eczenas
655 7. ‡aučební texty ‡7fd133599 ‡2czenas
655 7. ‡aprameny ‡7fd131865 ‡2czenas
655 9. ‡aeducational texts ‡2eczenas
655 9. ‡asources ‡2eczenas
7102 . ‡aUniverzita Karlova ‡7kn20010710036
8102 . ‡aUniverzita Karlova. ‡tUčební texty
910 . ‡aABG312
901 . ‡a13257 ‡bUnknown ‡c13257 ‡tbiblio

Additional Resources